ბათუმის შოთა რუსთაველის სახელმწიფო უნივერსიტეტის ბიბლიოთეკა

Технология и технохимический контроль свеклосахарного производства. (ბიბ.ჩანაწერი № 42589)

000 -LEADER
fixed length control field 00780nam a2200217Ia 4500
001 - CONTROL NUMBER
control field 9292
003 - CONTROL NUMBER IDENTIFIER
control field GE_BSU
008 - FIXED-LENGTH DATA ELEMENTS--GENERAL INFORMATION
fixed length control field 181216s||||||||xx |||||||||||||| ||und||
040 ## - CATALOGING SOURCE
Transcribing agency GE_BSU
080 ## - UNIVERSAL DECIMAL CLASSIFICATION NUMBER
Universal Decimal Classification number 664.1/.2
100 ## - MAIN ENTRY--PERSONAL NAME
Personal name Литвак,И.М.
245 ## - TITLE STATEMENT
Title Технология и технохимический контроль свеклосахарного производства.
245 ## - TITLE STATEMENT
Remainder of title Учебник.
245 ## - TITLE STATEMENT
Statement of responsibility, etc. РЕд. А.А.Войкова.
260 ## - PUBLICATION, DISTRIBUTION, ETC.
Place of publication, distribution, etc. М.
260 ## - PUBLICATION, DISTRIBUTION, ETC.
Name of publisher, distributor, etc. Пищепромиздат.
260 ## - PUBLICATION, DISTRIBUTION, ETC.
Date of publication, distribution, etc. 1962.
300 ## - PHYSICAL DESCRIPTION
Extent 448 стр. с илл. 22 см. Библиогр.: стр.443.
653 ## - INDEX TERM--UNCONTROLLED
Uncontrolled term Технология и технохимический контроль свеклосахарного производства.
942 ## - ADDED ENTRY ELEMENTS (KOHA)
Koha item type წიგნი
ეგზემპლარები
Withdrawn status Lost status Damaged status Not for loan Date acquired Barcode Date last seen Price effective from Koha item type
        2018-12-17 12112 2018-12-17 2018-12-17 წიგნი